US State general knowledge - Statistics

General Stats
  • This quiz has been taken 3 times
  • The average score is 1 of 15
Answer Stats
Hint Answer % Correct
Capitol of Illinois Springfield
100%
How much is the dollar worth NY $0.35
0%
What is Wisconsin's capitol Belmont
0%
what is California native food California roll cereal
0%
State where croisant founded? Florida (not croissant lolz)
0%
what state has most volume (v=lxwxh) IDK :((
0%
Most famous person in montana Jersey Mike
0%
48 president Lea Michele
0%
What state has the most natural lakes Maryland
0%
who is speaker of house mom
0%
What language do 0.21% of people in Texas speak? Niger-Congo Lnaguage
0%
Weirdest law in Alaska no shoplifting??
0%
What state is uni-cycling in Walmart with chanclas illegal? (this one is easy if you are on tik tok) ohayo
0%
how many states square of 2500
0%
Who was the first president Susan B Anthony
0%
No matching quizzes found
Score Distribution
Percent of People with Each Score
Percentile by Number Answered
Your Score History
You have not taken this quiz